000 00672cam a22002533a 4500
001 30437
003 PGUSA
005 20140828083646.0
008 091109s2009||||xxu|||||s|||||000 1 eng d
040 _aPGUSA
_beng
042 _adc
050 4 _aPS
100 1 _aVance, Gerald
245 1 0 _aLarson's Luck
_h[electronic resource] /
_cGerald Vance
260 _bProject Gutenberg,
_c2009
506 _aPublic domain in the USA.
516 _aElectronic text
653 _aScience fiction
653 _aShort stories
700 1 _aFuqua, Robert,
_d1887-1965
830 0 _aProject Gutenberg
_v30437
856 4 0 _uhttp://www.gutenberg.org/ebooks/30437
942 _cEB
999 _c259692
_d259692